000 01141 a2200217 4500
001 47361
005 20260407155741.0
008 260407a1986 arg spa d
003 AR-UNSa-BCEJYS
040 _aAR-UNSa-BCEJYS
_bspa
_cAR-UNSa-BCEJYS
080 _a94:33
_xHistoria económica
245 1 0 _aDe versalles a wall street 1919-1929
264 1 _aBarcelona :
_bCrítica
_c1986
300 _a417 p.
_c20 cm.
505 _a1. Introducción - 2. Las secuelas de la guerra - 3. Años de caos 1919-1921: Hambre y socorro; boom y depresión - 4. Deudas y reparción de guerra - 5. Reconstrucción y recuperación 1921-1925 - 6. La restauración de la estabilidad monetaria - 7. ¿Cúal fue el fallo del nuevo patrón oro? - 8. El boom de los últimos años veinte - 9. Los problemas de los productores básicos - 10. Naciones deudoras y concesión de préstamos internacionales - 11. Hacia la depresión: Explicaciones del punto de inflexión de 1929 - 12. Tendencias de la economía mundial -
041 _aspa
942 _cBK
590 _aniveau_biblio:m niveau_hierar:0
100 1 _aBeltran, Jordi
700 1 _aAldcroft, Derek H.
999 _c4348
_d4348